000 00748nam a2200169Ia 4500
008 090711s9999 xx 000 0 und d
082 _b61930
100 _aदाभोलकर नरेंद्र
245 _aअंधश्रद्धा : प्रश्निSहान् आणि पूर्णविराम
260 _c1988
300 _a93
600 _aदाभोलकर नरेंद्र
630 _aअंधश्रद्धा : प्रश्निSहान् आणि पूर्णविराम
700 _aदाभोलकर नरेंद्र
730 _aअंधश्रद्धा : प्रश्निSहान् आणि पूर्णविराम
942 _cBOOK
999 _c286983
_d286983